000 01640nam a2200301 4500
003 EC-UNACH
005 20251126150154.0
006 s||||gr|||| 00| 00
008 150116t9999 mx r gr 000 0 spa d
020 _aS/N
040 _aEC-UNACH
_cEC-UNACH
041 _aspa
082 0 4 _223
_a342.06
_bL018397
110 _aEditora Multicolor
245 _aDerecho Constitucional y Administrativo
250 _aTomo 2
264 _aEcuador
_bEditora Multicolor
_c2011
300 _a92
505 _a-Legítima defensa -El derecho de petición -Garantías constitucionales -La acción de lesividad -El buen vivir -Los derechos fundamentales en el estado social de derecho -El derecho de petición y su relación a los efectos del sindicato administrativo -Los jueces y la acción de protección -Autonomía o autarquía judicial confusiones constitucionales -La justicia indígena -La mediación, como medio alternativo de solución d conflictos -El derecho al silencio -El sistema nacional de víctimas, testigos y demás participantes en el proceso penal una garantía constitucional -Análisis del Art.437 de la constitución del Ecuador -Y el robo contravencional -Breves comentarios a la teoría neoconstitucionalista -Respuesta constitucional en acción de protección- Defectos de la administración de justicia de Chimborazo
650 _9DERECHO DE PETICIÓN
650 _aGARANTÍAS CONSTITUCIONALES
650 _aDERECHO AL SILENCIO
700 _aUnach
942 _2ddc
_c1
999 _c14226